Interlocking nailing in diaphyseal fractures of the Tibia (Record no. 86854)

MARC details
000 -LEADER
fixed length control field 00333nam a2200133Ia 4500
008 - FIXED-LENGTH DATA ELEMENTS--GENERAL INFORMATION
fixed length control field 230917s9999||||xx |||||||||||||| ||und||
040 ## - CATALOGING SOURCE
-- 93863
Original cataloging agency VIVEKANANDA LIBRARY
041 ## - Language
-- English
082 ## - DDC NUMBER
Classification number 617.3 R137I
100 ## - MAIN ENTRY--PERSONAL NAME
Personal name Rajesh Kumar
245 #0 - TITLE STATEMENT
Title Interlocking nailing in diaphyseal fractures of the Tibia
300 ## - PHYSICAL DESCRIPTION
Pages 101 p.
942 ## - ADDED ENTRY ELEMENTS (KOHA)
Koha item type Thesis
Holdings
Withdrawn status Lost status Damaged status Not for loan Location (home branch) Sublocation or collection (holding branch) Date acquired Koha issues (times borrowed) Koha full call number Accession No. Koha date last seen Koha item type
        VIVEKANANDA LIBRARY VIVEKANANDA LIBRARY 27/06/2003   617.3 R137I 166073 17/09/2023 Thesis
        VIVEKANANDA LIBRARY VIVEKANANDA LIBRARY 27/06/2003   617.3 R137I 166074 17/09/2023 Thesis
© Designed and Maintained by Vivekananda Library, MDU Rohtak